Principios de química

Saved in:
Bibliografiske detaljer
Hovedforfatter: Harris, Frank E (Author)
Format: Bog
Sprog:spansk
Udgivet: Ciudad de México CRAT 1975
Ciudad de México Cultural 1975
Fag:
Tags: Tilføj Tag
Ingen Tags, Vær først til at tagge denne postø!

MARC

LEADER 00000nam a2200000 a 4500
001 UCT2314
003 CL-VaPUC
008 961011e19750000mx |||||||||||||||||spa|d
082 0 4 |a 540  |b HAR  |2 21 
100 |a Harris, Frank E  |e author  |9 565746 
245 1 0 |a Principios de química 
300 |a 5 v 
942 |c BK 
945 |d 19961011 00:00:00  |a paguirre 
260 |a Ciudad de México  |b CRAT  |c 1975 
260 |a Ciudad de México  |b Cultural  |c 1975 
500 |a v.1: Fundamentos, ecuaciones químicas, ionización, solubilidad, reacciones ácido-base 
500 |a v.2: Reacciones ácido-base, iones y complejos, estequiometría, teoría atómica, termoquímica 
500 |a v.3: Oxido-reducción, teoría cinética, líquidos y sólidos 
500 |a v.4: Fases en equilibrio, propiedades coligativas, teoría atómico-molecular 
500 |a v.5: Sistema periódico, cinética química, equilibrios químicos y en las soluciones 
650 0 |a Química  |9 259896 
650 0 |a Reacciones químicas  |9 259438 
650 0 |a Termoquímica  |9 337401 
650 7 |a TEORIA ATOMICA  |2 CL-VaPUC  |9 313933 
650 0 |a Cinética  |9 260943 
650 0 |a Estados de la Materia  |9 347141 
650 0 |a Líquidos  |9 260946 
650 0 |a Sólidos  |9 260188 
650 7 |a EQUILIBRIOS QUIMICOS  |2 CL-VaPUC  |9 336637 
650 0 |a Átomos  |9 259583 
650 0 |a Moléculas   |9 259584 
583 |a last modification  |c 20171006 04:20:10  |k Rodrigo Vera 
999 |c 252467  |d 252465